| 000 | 01503nam a2200301 a 4500 | ||
|---|---|---|---|
| 001 | BRCA_3380 | ||
| 005 | 20190320204243.0 | ||
| 041 | _aeng | ||
| 044 | _aenk | ||
| 084 |
_a669 _b.D468 _c1902 |
||
| 100 | 1 |
_aCervantes Saavedra, Miguel de _d1547-1616 _9213 |
|
| 245 | 1 | 0 |
_aThe Adventures of Don Quixote of la Mancha _cBy Miguel de Cervantes. |
| 260 |
_aLondres : Nueva York _bJ. M. Dent and Co. : E. P. Dutton and Co. _c1902 |
||
| 300 |
_a1 v. en 2 partes (xxi, 532 p.) _bil. _c20 cm. |
||
| 500 | _aContenido : Prólogo del editor. Texto abreviado | ||
| 500 | _aEdición : Illustrated by W. Heat Robinson | ||
| 500 | _aEdición abreviada en 81 capítulos, precedida de una noticia biográfica sobre la vida y obra de Cervantes, tomada de la biografía escrita por H. E. Watts. Apesar de que cualquier abreviación es mala, la presente no es la peor de ellas. Va adornada con láminas de W. H. Robinson que están bien dibujadas, pero rayan en lo grotesco. Tela; lomo y planos adornados con motivos quijotiles en color Lúdovik Osterc | ||
| 500 | _aQM1380 | ||
| 546 | _aTexto en : inglés | ||
| 650 | 1 | 4 |
_aNovela española _yÉpoca clásica, 1500-1700 _9215 |
| 650 | 1 | 4 |
_aLiteratura española _yÉpoca clásica, 1500-1700 _9216 |
| 650 | 1 | 4 |
_aNovela española _ySiglo XVII _9217 |
| 650 | 1 | 4 |
_aDon Quijote (Personaje ficticio) _eNovela _9218 |
| 700 | 1 |
_aRobinson, William Heat _d1872-1944 _eIlustrador _98895 |
|
| 740 | 0 | _aEl Ingenioso Hidalgo Don Quijote de la Mancha | |
| 902 | _aQFM | ||
| 942 |
_2lcc _cB |
||
| 999 |
_c3116 _d3116 |
||